000 00315nam a22001337a 4500
008 181008b xxu||||| |||| 00| 0 eng d
020 _a9781416032434
041 _aeng
080 _25th
_a615.83
100 _a8
101 _aEGZ
245 _aPhysical Examination& Health Assessment
_cJarvis,C
942 _2udc
_cBK
999 _c49022
_d49022